000
00269nam a2200109Ia 4500
008
220216s9999 xx 000 0 und d
100
_a
Sungka Bonaventure P
245
4
_a
The plantation sector in the 1990s
260
_b
Planter
_c
1990
300
_a
348-364
942
_c
JS
999
_c
70912
_d
70912